Diseño de un sistema de programación y control de operaciones en el centro de servicios a los empleados de Procter & Gamble
Na minha lista:
| Autor principal: | |
|---|---|
| Formato: | Livro |
| Publicado em: |
[San José, Costa Rica]
2003
|
| Assuntos: | |
| Tags: |
Adicionar Tag
Sem tags, seja o primeiro a adicionar uma tag!
|
MARC
| LEADER | 00000nam a2200000Ia 4500 | ||
|---|---|---|---|
| 001 | 4677 | ||
| 003 | 009136 | ||
| 005 | 20221231144149.0 | ||
| 008 | 140114s2003 cr a m 000 ||s d | ||
| 040 | |c cru CEDI | ||
| 100 | |a Gamboa Jiménez, Adriana |9 7060 | ||
| 245 | |a Diseño de un sistema de programación y control de operaciones en el centro de servicios a los empleados de Procter & Gamble | ||
| 260 | |c 2003 |a [San José, Costa Rica] | ||
| 300 | |a xv, 158, xviii hojas : ilustraciones | ||
| 500 | |a Proyecto de graduación (licenciatura en ingeniería industrial)--Universidad de Costa Rica. Escuela de Ingeniería Industrial | ||
| 650 | |x PROCTER & GAMBLE INTERAMERICAS |x ESTUDIO DE TIEMPOS |x CONTROL ADMINISTRATIVO |x ADMINISTRACION DE LA PRODUCCION |x PROGRAMACION DE LA PRODUCCION |9 7061 | ||
| 942 | |c TFG | ||
| 999 | |c 17804 |d 17804 | ||
